[Event "18th Aeroflot Open-A 2020"]
[Site "Moscow"]
[Date "2020.02.26"]
[Round "8.31"]
[White "Krishna C R G"]
[Black "Sindarov, Javokhir"]
[Result "1/2-1/2"]
[WhiteElo "2443"]
[BlackElo "2537"]
[Annotator "TA"]
[PlyCount "96"]
[EventDate "2020.02.19"]
[EventType "swiss"]
[EventCountry "RUS"]
[SourceTitle "playchess.com"]
[Source "ChessBase"]
[SourceQuality "1"]

{[%evp 25,96,0,0,0,0,0,0,0,-14,-38,-33,-53,-53,-116,-107,-219,-121,-126,-133,-156,-119,-119,-127,-115,-127,-202,-193,-203,-196,-175,-175,-185,-210,-150,68,50,47,30,412,407,355,377,377,391,445,341,506,452,456,447,454,410,400,417,372,310,303,297,393,400,353,18,41,22,36,22,39,0,0,0,0,0,0]} 1. d4 Nf6 2. c4 c5 3. d5 g6 4. Nc3 Bg7 5. Nf3 O-O 6. e4 d6 7. Bd3 e6 8. O-O exd5 9. cxd5 Bg4 10. h3 Bxf3 11. Qxf3 Nbd7 12. Qd1 a6 13. a4 Re8 14. Bf4 {A70: Modern Benoni: 6 e4 g6 7 Nf3.} c4 15. Bc2 Nc5 {[%cal Rf6e4]} 16. Re1 Qb6 {[#]} 17. Rb1 $146 ({Predecessor:} 17. Ra2 Nfd7 18. Qe2 Ne5 19. Bxe5 Bxe5 20. Qxc4 Rac8 21. a5 Qd8 22. Qb4 Qh4 23. Ne2 {1-0 (52) Ioannidis,E (2292)-Gulamali,K (2309) Budapest 2015}) 17... Nfd7 18. Be3 Qa5 19. f4 (19. Bd2 $15) 19... b5 $36 {[%mdl 2048] Black is in control.} 20. Bd2 (20. axb5 $17 axb5 21. Ra1 Qxa1 22. Qxa1 Rxa1 23. Rxa1) 20... b4 (20... Qb6 $1 $19 21. a5 Qxa5) 21. Na2 Rab8 22. Kh1 Rb7 23. Re2 Reb8 {White must now prevent ...c3.} 24. Nc1 Nf6 25. b3 (25. Be1 $17) 25... c3 $19 26. Be1 Re8 {[%cal Rc5e4]} 27. e5 dxe5 28. fxe5 Nh5 29. Qd4 {Threatening g4.} Nd7 $2 (29... Rbe7 $1 $17 {[%cal Rg7e5]} 30. Na2 (30. Bf2 $2 Bxe5 31. Qc4 Bb8 $19) 30... Rxe5 31. Rxe5 Bxe5 32. Qxb4 Ng3+ 33. Bxg3 Qxb4 34. Nxb4 Bxg3) 30. Nd3 $14 Nxe5 31. Rxe5 Rbe7 $2 {[%mdl 8192]} (31... Bxe5 $11 {and Black stays safe.} 32. Nxe5 Rbe7) 32. Rxe7 $18 Bxd4 33. Rxe8+ Kg7 34. Re4 Qb6 35. a5 Qa7 (35... Qf6 $142 36. Bh4 g5) 36. Nxb4 Bf2 {...Ng3+ is the strong threat.} 37. Bxc3+ f6 {Hoping for ...Ng3+.} 38. Rg4 Ng3+ {[#]} 39. Rxg3 $1 ({Wrong is} 39. Kh2 $2 Qb8 $19) 39... Bxg3 40. Rf1 Qc5 41. Bxf6+ Kh6 42. Rf3 Bc7 {[#]} 43. Rc3 $2 ({Weaker is} 43. Nxa6 Qxc2 44. Nxc7 Qc1+ 45. Kh2 Qxc7+ 46. Rg3 Qxa5 $14) (43. Bc3 $1 $18 Qd6 44. g3) 43... Qd6 $11 {[%csl Gc7][%cal Rd6h2]} 44. Rxc7 $1 Qxc7 45. Nc6 {Strongly threatening Nd8.} Qf4 $1 {[%cal Rf4f1]} 46. Ne5 {White wants to mate with Nf7+.} (46. Bb2 $5 {[%cal Rc6e5]} Qd2 47. Nd4 $16) 46... Qc1+ {The position is equal.} 47. Kh2 {Intending Nf7+ and mate.} Qf4+ $1 {[%mdl 64] Double Attack} ({Not} 47... Qxc2 $2 48. d6 $18) 48. Kh1 {Threatening mate with Nf7+.} Qc1+ {Black escapes into a draw. Accuracy: White = 71%, Black = 66%.} 1/2-1/2

[Event "18th Aeroflot Open-A 2020"]
[Site "Moscow"]
[Date "2020.02.26"]
[Round "8.32"]
[White "Sanal, Vahap"]
[Black "Karthik Venkataraman"]
[Result "1-0"]
[WhiteElo "2569"]
[BlackElo "2483"]
[Annotator "TA"]
[PlyCount "89"]
[EventDate "2020.02.19"]
[EventType "swiss"]
[EventCountry "RUS"]
[SourceTitle "playchess.com"]
[Source "ChessBase"]
[SourceQuality "1"]

{[%evp 16,89,14,2,17,15,26,-8,-6,-21,3,0,15,8,6,2,6,2,5,0,12,7,25,8,55,39,92,92,118,116,118,115,116,112,177,185,189,181,170,179,317,170,173,156,132,147,215,219,478,470,460,460,588,579,573,567,768,772,745,766,747,708,719,705,661,647,29989,29990,29990,29991,29993,29994,29994,29995,29996,114]} 1. c4 g6 2. Nc3 c5 3. g3 Bg7 4. Bg2 Nc6 5. d3 d6 6. e3 e5 7. Nge2 Nge7 8. O-O O-O 9. a3 a6 {A36: Symmetrical English vs ...g6: 4 Bg2 Bg7.} 10. Rb1 Rb8 11. b3 $5 {[%mdl 4] Exploring less charted territory.} b5 {The position is equal.} 12. Bb2 {[#]} h6 $146 ({Predecessor:} 12... Be6 13. Nd5 Qd7 14. Re1 Bh3 15. Bh1 Rfc8 16. Qd2 bxc4 17. Nxe7+ Nxe7 18. bxc4 Qc7 {1-0 (83) Popchev,M (2455)-Ostojic,N (2440) Jagodina 1998}) 13. Nd5 Kh7 14. Qc2 Be6 15. f4 f5 16. Kh1 Qd7 17. Ba1 Rf7 18. Rbd1 Qc8 19. Rfe1 Ng8 20. fxe5 Nxe5 ({Black should play} 20... dxe5 $14 21. d4 bxc4) 21. Nef4 $16 Bd7 22. d4 Ng4 23. h3 N4f6 24. dxc5 Qxc5 (24... dxc5 $16 {keeps fighting.} 25. Be5 Rb7) 25. Bd4 $36 {[%mdl 2048] White has strong initiative.} Qc8 26. Nb6 Qc7 27. Nxd7 Rxd7 (27... Qxd7 $142 28. c5 Qc7 29. Bxf6 Rxf6) 28. Ne6 (28. g4 $142) 28... Qc8 29. Nxg7 Rxg7 30. Ba1 Qc5 (30... Qc7 $16 {was worth a try.} 31. Qc3 bxc4) 31. e4 bxc4 $2 {[#]} (31... fxe4 32. Rf1 (32. Bxe4 bxc4 33. b4 Qc7 $16) 32... bxc4) 32. b4 Qb5 33. Rxd6 Rf8 34. exf5 Qxf5 35. Qxc4 Qf2 36. Rf1 Qxg3 37. Rxa6 Rgf7 38. Qc3 Qh4 39. Qd4 Qg3 40. Ra7 g5 {[#]} 41. Qe4+ $1 {[%mdl 576] Pin. White mates.} Kg7 (41... Nxe4 42. Bxe4#) 42. Rxf6 Nxf6 43. Bxf6+ Kxf6 44. Ra6+ Kg7 45. Qg6+ {[%mdl 64] Double Attack. Accuracy: White = 89%, Black = 56%.} 1-0

[Event "18th Aeroflot Open-A 2020"]
[Site "Moscow"]
[Date "2020.02.26"]
[Round "8.33"]
[White "Radovanovic, Mihajlo"]
[Black "Sivuk, Vitaly"]
[Result "1/2-1/2"]
[WhiteElo "2458"]
[BlackElo "2557"]
[Annotator "TA"]
[PlyCount "51"]
[EventDate "2020.02.19"]
[EventType "swiss"]
[EventCountry "RUS"]
[SourceTitle "playchess.com"]
[Source "ChessBase"]
[SourceQuality "1"]

{[%evp 16,51,45,47,38,27,30,47,32,0,10,11,9,0,33,-76,-62,-55,-60,-76,-34,-85,-64,-83,-18,-17,-20,-31,-34,-32,0,0,0,0,0,0,0,0]} 1. d4 d5 2. c4 e6 3. Nf3 Nf6 4. Nc3 c5 5. cxd5 exd5 6. g3 Nc6 7. Bg2 cxd4 8. Nxd4 Bc5 9. Nb3 Bb6 {D33: Tarrasch Defence: 6 g3 sidelines.} 10. O-O ({Reject} 10. Bxd5 Nb4 $15) 10... d4 11. Na4 O-O {White is slightly better.} 12. Bxc6 bxc6 13. Nxb6 axb6 14. Qxd4 c5 {[#]} 15. Qc3 $146 (15. Qxd8 $14 {keeps the upper hand.} Rxd8 16. Bg5) ({Predecessor:} 15. Qxd8 Rxd8 16. Bf4 Be6 17. Bc7 Rdc8 18. Be5 Nd5 19. Nc1 f6 20. Bf4 Nxf4 21. gxf4 {½-½ (38) Ben Menachem,I (2316)-Galburd,Y (2450) Israel 2020}) 15... Bb7 $17 {[%mdl 1024] Black has strong compensation.} 16. f3 Nd5 17. Qd2 f5 18. a3 (18. a4 $15) 18... Qe8 19. Qc2 Qa4 (19... Rf6 $17) 20. Bd2 $1 $11 Rae8 {[#] And now ...Ne3 would win.} 21. Rae1 f4 22. Rf2 Rf6 23. Na1 $1 {The position is equal.} Qd4 {Strongly threatening ...fxg3.} 24. Nb3 Qa4 25. Na1 Qd4 {[#] White must now prevent ...fxg3.} 26. Nb3 {Accuracy: White = 83%, Black = 68%.} 1/2-1/2

[Event "18th Aeroflot Open-A 2020"]
[Site "Moscow"]
[Date "2020.02.26"]
[Round "8.34"]
[White "Chanda, Sandipan"]
[Black "Zarubitski, Viachaslau"]
[Result "1/2-1/2"]
[WhiteElo "2552"]
[BlackElo "2432"]
[Annotator "TA"]
[PlyCount "81"]
[EventDate "2020.02.19"]
[EventType "swiss"]
[EventCountry "RUS"]
[SourceTitle "playchess.com"]
[Source "ChessBase"]
[SourceQuality "1"]

{[%evp 13,81,-2,-1,2,0,-8,12,-6,14,-41,10,9,14,27,40,31,45,-8,-10,-9,-14,-85,-90,-106,-121,-114,0,0,0,0,0,0,15,17,43,35,50,0,0,0,0,0,0,0,0,8,7,0,5,0,0,0,0,0,0,0,0,0,0,0,0,0,0,0,0,0,0,0,0,0]} 1. d4 d5 2. Nf3 Nf6 3. Bf4 c5 4. e3 e6 5. Nbd2 Nc6 6. c3 Bd6 7. Bg3 O-O 8. Bb5 {D02: 1 d4 d5 2 Nf3 sidelines, including 2...Nf6 3 g3 and 2...Nf6 3 Bf4.} Be7 9. Qe2 {[#]} Bd7 $146 ({Predecessor:} 9... Qb6 10. dxc5 Bxc5 11. Rb1 Ne7 12. Bd3 Bd6 13. Bh4 Nd7 14. c4 Ng6 15. Bg3 Nf6 {1-0 (34) Nabaty,T (2692)-Movsesian,S (2633) Czech Republic 2019}) 10. Bd3 Nh5 11. Ng5 ({Better is} 11. Ne5 $11 g6 12. Nxd7 Qxd7 13. Nf3) 11... Bxg5 (11... Nxg3 $2 12. Bxh7+ Kh8 13. Nxf7+ $1 {[%mdl 512]} (13. hxg3 $2 Bxg5 14. dxc5 Bh6 $17) 13... Rxf7 14. hxg3 $18) (11... g6 $15 12. Ngf3 c4) 12. Qxh5 $11 {[%csl Gd3][%cal Rh5h7]} g6 13. Qe2 Qe7 14. h4 Bf6 {[%cal Rc5d4]} 15. f4 (15. dxc5 $14 Qxc5 16. h5) 15... h5 16. Bf2 Bg7 17. dxc5 (17. O-O $11) 17... e5 $17 {White must now prevent ...Bg4.} (17... Qxc5 $6 18. e4 $14) 18. e4 Bg4 19. Nf3 {[#]} dxe4 ({Black should try} 19... Rae8 $1 $17 {...dxe4 is the strong threat.} 20. exd5 e4 {[%mdl 64] Double Attack}) 20. Bxe4 $11 Rfe8 21. O-O-O exf4 22. Rhe1 Qe6 23. Qb5 Qxa2 {Threatens to win with ...a6.} 24. Bd5 $1 {[%cal Rd5a2]} Qa5 $1 {[%cal Ra5b5]} 25. Qxa5 ({Of course not} 25. Qxb7 Reb8 $15) 25... Nxa5 {The position is equal.} 26. b4 Nc6 27. b5 Na5 28. Ng5 Bxd1 ({But not} 28... Bxc3 $6 29. Rxe8+ (29. Bxf7+ Kf8 $16) 29... Rxe8 30. Rd3 $16) 29. Bxf7+ Kf8 30. Bxe8 Rxe8 31. Rxe8+ Kxe8 32. Kxd1 {[%mdl 4096] Endgame KBN-KBN} Nc4 33. Ke2 Kd7 34. Kd3 Nb2+ 35. Ke4 Nd1 36. c6+ bxc6 37. bxc6+ Kxc6 38. Bxa7 Nxc3+ 39. Kxf4 Nd5+ 40. Kf3 Kd6 41. Bb8+ {Accuracy: White = 84%, Black = 92%.} 1/2-1/2

[Event "18th Aeroflot Open-A 2020"]
[Site "Moscow"]
[Date "2020.02.26"]
[Round "8.35"]
[White "Moroni, Luca Jr"]
[Black "Buksa, Nataliya"]
[Result "1-0"]
[WhiteElo "2536"]
[BlackElo "2403"]
[Annotator "TA"]
[PlyCount "53"]
[EventDate "2020.02.19"]
[EventType "swiss"]
[EventCountry "RUS"]
[SourceTitle "playchess.com"]
[Source "ChessBase"]
[SourceQuality "1"]

{[%evp 16,53,20,10,40,36,35,23,32,19,28,26,31,19,28,27,28,28,53,66,78,87,135,120,135,75,129,136,254,245,481,502,468,474,572,558,584,569,557,553]} 1. c4 e6 2. Nc3 d5 3. d4 Be7 4. Nf3 Nf6 5. Bg5 Nbd7 {[%cal Bb8d7,Bd7f8,Bf8e6][%mdl 32]} 6. cxd5 exd5 7. e3 c6 8. Bd3 Nf8 9. O-O Ne6 {D36: Queen's Gambit Declined: Exchange Variation: Main line (5 Bg5 c6 6 Qc2).} 10. Bh4 g6 11. Rb1 a5 {[#] White has an edge.} 12. Na4 $146 ({Predecessor:} 12. a3 Ng7 13. b4 axb4 14. axb4 Bf5 15. b5 Ra3 16. Bxf5 Nxf5 17. Bxf6 Bxf6 18. Rb3 Ra5 19. bxc6 bxc6 20. Qd3 O-O {½-½ (20) Danner,G (2389)-Zilberman,Y (2383) Vienna 2015}) 12... O-O 13. Rc1 Re8 14. Qb3 b5 15. Nc3 a4 16. Qd1 Nh5 17. Bxe7 Rxe7 18. Ne5 Bd7 {[#]} 19. f4 $1 Nhg7 20. Qf3 ({White should play} 20. f5 {And now f6 would win.} gxf5 21. Ne2 (21. Bxf5 f6 $16)) 20... f5 (20... f6 $142) 21. a3 $16 Qe8 {[#]} (21... Ra6 $16 22. h3 Rb6) 22. Bxb5 $1 $18 {[%mdl 576] Deflection} cxb5 $2 (22... Rb8 {is a better defense.} 23. Bxa4 Rxb2) 23. Nxd5 {White is clearly winning.} Rf7 24. Nxd7 Qxd7 25. Nb6 $1 {[%csl LRa8,LRd7][%mdl 64] Double Attack, Discovered Attack} Qa7 26. Qxa8+ Qxa8 27. Nxa8 {Accuracy: White = 94%, Black = 43%.} 1-0

[Event "18th Aeroflot Open-A 2020"]
[Site "Moscow"]
[Date "2020.02.26"]
[Round "8.36"]
[White "Kozak, Adam"]
[Black "Raja Harshit"]
[Result "1/2-1/2"]
[WhiteElo "2523"]
[BlackElo "2472"]
[Annotator "TA"]
[PlyCount "61"]
[EventDate "2020.02.19"]
[EventType "swiss"]
[EventCountry "RUS"]
[SourceTitle "playchess.com"]
[Source "ChessBase"]
[SourceQuality "1"]

{[%evp 11,61,0,10,0,0,0,3,8,1,0,0,0,0,-3,-3,-8,0,0,39,29,75,14,7,7,21,27,30,0,0,0,0,0,0,0,0,0,0,0,0,0,0,0,0,-5,-16,-100,-97,-65,-79,-112,0,0]} 1. Nf3 c5 2. c4 Nc6 3. g3 g6 4. Bg2 Bg7 5. Nc3 d6 6. O-O Bf5 {6...e6 is setting a new trend. Played by Peter Svidler in December 2019.} 7. d3 {A37: Symmetrical English vs ...g6: 4 Bg2 Bg7 5 Nf3.} Qd7 8. Rb1 Bh3 9. Bxh3 Qxh3 10. Nd5 {[#] Hoping for Nc7+.} Qd7 11. Bd2 Nf6 {[#]} 12. Nxf6+ $146 ({Predecessor:} 12. Bc3 O-O 13. e4 Rab8 14. Bxf6 Bxf6 15. Nxf6+ exf6 16. d4 Rfd8 17. d5 Ne5 18. Nd2 {½-½ (39) Kutlu,H (2125)-Cheek,C (2118) ICCF email 2016}) 12... Bxf6 13. b4 b6 14. bxc5 bxc5 15. Bh6 Qc7 16. Qd2 (16. e3 $16) 16... Rb8 $11 17. Qf4 Kd7 18. Qg4+ Kd8 19. Rb5 a6 20. Rbb1 Qc8 21. Qe4 Kc7 22. Qe3 Qf5 23. Qd2 Rxb1 24. Rxb1 Rb8 $36 {[%mdl 2048] Black is more active.} 25. Rxb8 Kxb8 26. Be3 Qc8 27. h4 Qb7 28. Ng5 (28. Qc2 $11 {remains equal.}) 28... Qb1+ 29. Kg2 Bxg5 $1 30. hxg5 {[#]} Nb4 (30... Kc7 $1 $17) 31. a3 {Accuracy: White = 79%, Black = 87%.} 1/2-1/2

[Event "18th Aeroflot Open-A 2020"]
[Site "Moscow"]
[Date "2020.02.26"]
[Round "8.37"]
[White "Iljiushenok, Ilia"]
[Black "Makarian, Rudik"]
[Result "1-0"]
[WhiteElo "2519"]
[BlackElo "2414"]
[Annotator "TA"]
[PlyCount "99"]
[EventDate "2020.02.19"]
[EventType "swiss"]
[EventCountry "RUS"]
[SourceTitle "playchess.com"]
[Source "ChessBase"]
[SourceQuality "1"]

{[%evp 16,99,14,16,27,14,11,25,35,11,18,6,62,49,102,103,114,92,110,106,113,121,162,108,111,101,98,98,96,105,139,133,131,127,148,144,212,212,212,210,210,210,209,209,170,124,327,327,365,361,327,246,248,255,1792,1718,1726,1616,1718,1562,1474,1474,1159,1148,29953,29959,29964,29967,29967,29968,29968,29968,29968,29969,29970,29971,29971,29972,29971,29975,29976,29977,29977,29977,29975,29975]} 1. e4 e5 2. Nc3 Nf6 3. g3 d5 4. exd5 Nxd5 5. Bg2 Nxc3 6. bxc3 Nc6 7. Nf3 Bd6 8. O-O O-O 9. d4 h6 {C47: Scotch Four Knights and Four Knights with 4 g3.} 10. Re1 {[%cal Rf3e5]} exd4 11. cxd4 {[#]} Bf5 $146 {White has an edge.} ({Predecessor:} 11... Re8 12. Rb1 Rb8 13. Be3 Ne7 14. c4 Nf5 15. c5 Nxe3 16. fxe3 Bf8 17. Ne5 Be6 18. Rxb7 Rxb7 19. Bxb7 {1-0 (35) Laveryd,P (2390)-Jepson,C (2380) Haninge 1997}) 12. Rb1 Rb8 13. d5 Na5 ({Black should play} 13... Nb4 $11 14. Nd4 Bg6) 14. Bb2 c5 (14... Qd7 $14) 15. dxc6 $16 bxc6 16. Qd4 {[%csl Gb2][%cal Rd4g7] [#]} Qf6 17. Qxf6 gxf6 18. Bc3 $40 {[%mdl 128] Black is in trouble.} Bc7 19. Nd4 (19. Rxb8 $18 Rxb8 20. Bxf6) 19... Rxb1 20. Rxb1 Bg6 21. Nxc6 Nxc6 22. Bxc6 Be5 23. Bxe5 fxe5 {[%mdl 4096] Endgame KRB-KRB} 24. Rb7 Rc8 25. Ba4 Bxc2 (25... a5 $16 {might work better.}) 26. Bxc2 $18 ({Don't do} 26. Rxa7 $6 Be4 $16) 26... Rxc2 27. Rxa7 $16 {KR-KR} Kg7 28. a4 {[%cal Ba2a4,Ba4a5,Ba5a6,Ba6a7][%mdl 32]} Ra2 29. a5 Kg6 30. a6 f6 $2 {Black cannot hold the game after this.} (30... Ra1+ $16 {was called for.} 31. Kg2 Kf6) 31. Ra8 $18 h5 32. Kg2 Kf5 33. a7 Ra3 34. h3 Ra2 $2 (34... Ra4 35. h4 e4) 35. g4+ hxg4 36. hxg4+ Ke4 37. Kg3 Ra1 38. Rf8 Rxa7 39. Rxf6 Ra1 40. g5 {White mates.} Rg1+ 41. Kh4 Kd5 42. g6 e4 {[#]} 43. Kh5 $1 Ke5 44. Rf8 Ke6 45. Kh6 Rh1+ 46. Kg7 Rh4 47. Kg8 Kd7 48. g7 Ke7 49. Rf5 Rh2 50. Rf4 {Accuracy: White = 97%, Black = 64%.} 1-0

[Event "18th Aeroflot Open-A 2020"]
[Site "Moscow"]
[Date "2020.02.26"]
[Round "8.38"]
[White "Pranesh M"]
[Black "Stupak, Kirill"]
[Result "0-1"]
[WhiteElo "2425"]
[BlackElo "2518"]
[Annotator "TA"]
[PlyCount "146"]
[EventDate "2020.02.19"]
[EventType "swiss"]
[EventCountry "RUS"]
[SourceTitle "playchess.com"]
[Source "ChessBase"]
[SourceQuality "1"]

{[%evp 9,145,28,20,31,45,19,16,12,21,14,34,33,42,43,43,43,41,41,47,44,31,26,50,50,65,62,72,39,43,0,0,0,0,0,0,0,-10,0,0,-20,-25,-24,-18,-35,-25,-103,-103,-106,-60,-51,-42,-102,-102,-100,-95,-79,-83,-156,-138,-171,-152,-151,-160,-179,-181,-190,-169,-179,-120,-120,-119,-119,-119,-123,-89,-94,-87,-90,-94,-129,-129,-129,-102,-99,-134,-132,-136,-131,-64,-137,-131,-142,-130,-132,-137,-1816,-1767,-29962,-29965,-29968,-29969,-29968,-29969,-29969,-29970,-29975,-29976,-29976,-29976,-29976,-29971,-29966,-29961,-29978,-29979,-29980,-29981,-29981,-29982,-29983,-29984,-29984,-29985,-29985,-29986,-29986,-29987,-29994,-29995,-29995,-29996,-29996,-29997,-29997,-29998,-29998,-29999,-29999]} 1. e4 c6 2. d4 d5 3. e5 c5 4. dxc5 Nc6 5. Nf3 Bg4 6. c3 {B12: Caro-Kann: Advance Variation.} a6 7. Be3 Nxe5 8. Nbd2 {The position is equal.} Nf6 9. Be2 Nxf3+ 10. Nxf3 e6 {[#]} 11. Qa4+ $146 ({Predecessor:} 11. Bd4 Be7 12. Bxf6 Bxf3 13. Bxg7 Bxe2 14. Qxe2 Rg8 15. Be5 Bxc5 16. g3 Qg5 17. Rd1 Qf5 18. O-O Rg4 19. Bd4 Bxd4 20. cxd4 Rc8 21. Rd3 h5 22. Rc3 {½-½ (22) Zhigalko,S (2661)-Bernadskiy,V (2565) Minsk 2014}) 11... Qd7 12. Qf4 Bxf3 13. Bxf3 Be7 14. O-O O-O 15. b4 Rfd8 16. Bd4 Qa4 17. Bd1 Qc6 18. Bc2 Nd7 19. Rae1 Bf6 20. Bxf6 Nxf6 21. Re3 h6 22. Qd4 (22. Rh3 {keeps more tension.} a5 23. Rxh6 gxh6 24. Qxf6 e5 25. Qxe5 axb4 26. cxb4 Rxa2 27. Bf5) 22... b6 23. cxb6 {And now a4 would win.} Rab8 24. Bd3 Qxb6 25. a3 Rdc8 26. Ree1 Ne8 27. Bb1 (27. Ra1 $11) 27... Qxd4 $17 28. cxd4 a5 29. bxa5 Ra8 30. Rc1 (30. f4 $1 $15) 30... Rxc1 31. Rxc1 Rxa5 {[%mdl 4096] Endgame KRB-KRN} 32. Rc3 Ra4 33. Bd3 (33. Bc2 $142 Rxd4 34. a4) 33... Nd6 34. f3 Kf8 35. Kf2 Rxd4 36. Ke3 Ra4 {White must now prevent ...d4+.} 37. Kd2 Ke7 38. Kc2 d4 ({Black should play} 38... Nc4 $19 39. Bxc4 dxc4) 39. Kb3 {[#] aiming for Rc7+.} Rxa3+ $1 {[%mdl 512]} 40. Kxa3 dxc3 {KB-KN} 41. Kb3 Kf6 42. Kxc3 Ke5 43. g3 g5 44. Ba6 h5 45. Kd3 Nf5 46. Ke2 h4 47. Kf2 Kd4 48. Bb5 Kc3 ({Black should try} 48... e5 $17 49. Bc6 f6) 49. Be8 (49. f4 $15) 49... hxg3+ 50. hxg3 Nd6 51. Bc6 Kd2 52. f4 $2 {[%mdl 8192] [#] Now White is beyond hope.} (52. Bd7 $17) 52... g4 $1 $19 53. Bd7 Ne4+ {Black mates.} 54. Kg2 Ke1 55. Be8 {[#]} Nd6 $1 56. Bd7 Nf5 57. Be8 f6 58. Bd7 Ne3+ 59. Kg1 Ke2 60. Bc6 e5 61. fxe5 fxe5 62. Be4 Nd1 63. Bf5 Nf2 64. Kg2 e4 65. Bd7 e3 66. Bb5+ Kd2 67. Bf1 e2 68. Kh2 exf1=R 69. Kg2 Ke2 70. Kh2 Nd3 71. Kg2 Ne5 72. Kh2 Nf3+ 73. Kg2 Rg1# {Accuracy: White = 74%, Black = 90%.} 0-1

[Event "18th Aeroflot Open-A 2020"]
[Site "Moscow"]
[Date "2020.02.26"]
[Round "8.39"]
[White "Ivic, Velimir"]
[Black "Vignesh N R"]
[Result "1-0"]
[WhiteElo "2558"]
[BlackElo "2436"]
[Annotator "TA"]
[PlyCount "123"]
[EventDate "2020.02.19"]
[EventType "swiss"]
[EventCountry "RUS"]
[SourceTitle "playchess.com"]
[Source "ChessBase"]
[SourceQuality "1"]

{[%evp 16,123,7,4,10,7,16,0,0,0,12,4,33,0,0,5,11,6,1,0,0,0,7,22,43,4,27,18,35,26,30,27,41,20,47,39,65,0,0,0,0,0,22,6,0,-4,10,12,35,0,26,10,11,16,16,0,0,0,0,0,0,0,0,0,0,0,130,130,133,89,133,133,315,126,133,96,96,0,130,96,275,101,96,73,130,129,129,130,170,103,103,103,96,96,96,96,96,96,766,756,724,682,1174,1083,2315,1849,5502,2034,2386,1659]} 1. e4 c5 2. Nf3 d6 3. d4 cxd4 4. Nxd4 Nf6 5. Nc3 a6 6. Bg5 e6 7. f4 h6 8. Bh4 Qb6 9. a3 Be7 {B96: Sicilian Najdorf: 6 Bg5 e6 7 f4, lines other than 7...Qb6 and 7...Be7.} 10. Bf2 {Strongly threatening Nxe6!} Qc7 11. Qf3 Nbd7 {[%cal Bb8d7,Bd7c5,Bc5d3][%mdl 32] The position is equal.} 12. O-O-O b5 13. g4 Bb7 14. h4 $1 {[%mdl 4] is more profitable than 14.Bg2 at the moment.} Nc5 {[%cal Rc5e4]} 15. Bd3 d5 {[%cal Rd5e4]} 16. e5 Nfe4 {Hoping for ...Nxc3.} 17. Be1 Nxd3+ 18. Rxd3 O-O-O 19. g5 {[#]} Bc5 $146 ({Predecessor:} 19... hxg5 20. hxg5 Qb6 21. Nce2 Kb8 22. Qg2 g6 23. Rxh8 Rxh8 24. Bb4 Bxb4 25. axb4 a5 {½-½ (37) Anand,V (2768)-Vachier Lagrave,M (2779) Saint Louis 2018}) 20. Nce2 (20. g6 $5) 20... hxg5 21. hxg5 g6 22. Kb1 Kb8 23. Rh6 Rc8 24. Qh3 Rhe8 25. Rh7 Bb6 26. Qe3 ({White should try} 26. Qh2 $14) 26... Rh8 $11 27. Rh6 Qd7 28. Qc1 Rhe8 29. Qd1 a5 30. b4 axb4 31. axb4 Re7 32. Rdh3 Bc6 33. Rh8 Ree8 34. Rxe8 Qxe8 35. Kb2 Bd7 36. Qd3 Rc4 37. c3 Qc8 38. Rh7 Be8 39. Rh8 Qd7 40. Bd2 Nxd2 (40... Nf2 $11 {keeps the balance.} 41. Qf3 Bxd4 42. Nxd4 Ne4) 41. Qxd2 $16 Rc8 42. Qd3 Kb7 43. Rh7 Rc4 $2 {[#]} (43... Rc7 $16 44. Nb3 Rc4) 44. Qh3 (44. f5 $1 $18 {[%cal Rf5e6][%mdl 512] is the precise move to win.} exf5 45. e6) 44... Rc7 45. Rh8 Rc8 46. Rh7 {[%cal Bh8h7,Bh7g7,Bg7g8][%mdl 32]} Rc7 $1 47. Rg7 Kb8 $2 (47... Ka6 $16 {is a better defense.}) 48. Qh8 $2 (48. f5 $1 $18 {[%cal Rf5e6] and the rest is easy.} gxf5 49. g6) 48... Rc8 49. Rg8 Bxd4 (49... Kb7 $142) 50. Nxd4 ({Don't go for} 50. cxd4 $2 Qc6 $19) 50... Qc7 51. Qh3 Qc4 {[#]} 52. Rh8 (52. Qe3 $1 $18) 52... Kc7 {White must now prevent ...Ra8.} 53. Qe3 Ra8 {And now ...Ra2+ would win.} 54. Nb3 Qc6 55. Qc5 Qxc5 56. Nxc5 {[%mdl 4096] Endgame KRB-KRN} Kd8 $2 {[%mdl 8192] [#]} (56... Kc6 $16) 57. Nb7+ $1 $18 {White is clearly winning.} Ke7 58. Nd6 Rb8 59. Kc2 Rd8 60. Kd3 Bd7 61. Rxd8 Kxd8 62. Kd4 {Accuracy: White = 73%, Black = 62%.} 1-0